IFM Opac

Can Microfinance Work?: (Record no. 22137)

MARC details
000 -LEADER
fixed length control field 00413nam a22001337a 4500
020 ## - INTERNATIONAL STANDARD BOOK NUMBER
ISBN 978-0-19-938319-1
082 ## - DEWEY DECIMAL CLASSIFICATION NUMBER
Classification number 332
100 ## - MAIN ENTRY--AUTHOR NAME
Personal name Sherratt, Lesley
245 ## - TITLE STATEMENT
Title Can Microfinance Work?:
Sub Title How to Improve its Ethical Balance and Effectivenes
260 ## - PUBLICATION, DISTRIBUTION, ETC. (IMPRINT)
Place of publication New York:
Name of publisher Oxford University Press,
Year of publication 2016
300 ## - PHYSICAL DESCRIPTION
Number of Pages xix, 230p.: ill.; 24cm
500 ## - GENERAL NOTE
General note Includes Bibliographical References and Index
942 ## - ADDED ENTRY ELEMENTS (KOHA)
Koha item type Books
Holdings
Withdrawn status Lost status Damaged status Not for loan Collection code Permanent Location Current Location Shelving location Date acquired Source of acquisition Full call number Accession Number Price effective from Koha item type
        Non-fiction IFM Main Campus Library IFM Main Campus Library Work Room processing 01/13/2026 Purchased 332 SHE 0000030552 01/13/2026 Books
        Non-fiction IFM Main Campus Library IFM Main Campus Library Work Room processing 01/13/2026 Purchased 332 SHE 0000030553 01/13/2026 Books
        Non-fiction IFM Main Campus Library IFM Main Campus Library Work Room processing 01/13/2026 Purchased 332 SHE 0000030554 01/13/2026 Books